Southville International School and Colleges
Your cart is empty.
  • Cart
  • Lists
    Public lists Eva Luna New books Lux_list list_1
    Your lists Log in to create your own lists
  • Log in to your account
  • Your cookies
  • Search history
Southville International School and Colleges
  • Advanced search
  • Recent comments
  • Most popular
  • Libraries

Log in to your account

Log in with GOOGLE


If you do not have an external account, but do have a local account, you can still log in:

  1. Home
  2. MARC view: Effective business letter and communication /
Normal view MARC view ISBD view

Effective business letter and communication / (Record no. 293181)

[ view plain ]
MARC details
000 -LEADER
fixed length control field 00742nam a2200253Ia 4500
008 - FIXED-LENGTH DATA ELEMENTS--GENERAL INFORMATION
fixed length control field 160404s9999 xx 000 0 und d
020 ## - INTERNATIONAL STANDARD BOOK NUMBER
International Standard Book Number 971-08-4578-0
050 ## - LIBRARY OF CONGRESS CALL NUMBER
Classification number FIL HF 5718
050 ## - LIBRARY OF CONGRESS CALL NUMBER
Item number .M33 2006 c.2
100 ## - MAIN ENTRY--PERSONAL NAME
Personal name Macabuhay, Cynthia Hermosisima -
245 ## - TITLE STATEMENT
Title Effective business letter and communication /
245 ## - TITLE STATEMENT
Statement of responsibility, etc Cynthia Hermosisima - Macabuhay.
260 ## - PUBLICATION, DISTRIBUTION, ETC. (IMPRINT)
Place of publication, distribution, etc Mandaluyong:
260 ## - PUBLICATION, DISTRIBUTION, ETC. (IMPRINT)
Name of publisher, distributor, etc National Book Store,
260 ## - PUBLICATION, DISTRIBUTION, ETC. (IMPRINT)
Date of publication, distribution, etc 2006
300 ## - PHYSICAL DESCRIPTION
Extent 180 pages :
300 ## - PHYSICAL DESCRIPTION
Other physical details illustrations ;
300 ## - PHYSICAL DESCRIPTION
Dimensions 22 cm.
500 ## - GENERAL NOTE
General note Includes bibliographical references and index.
650 ## - SUBJECT ADDED ENTRY--TOPICAL TERM
Topical term or geographic name as entry element Business communication.
650 ## - SUBJECT ADDED ENTRY--TOPICAL TERM
Topical term or geographic name as entry element Commercial correspondence.
650 ## - SUBJECT ADDED ENTRY--TOPICAL TERM
General subdivision Business writing.
650 ## - SUBJECT ADDED ENTRY--TOPICAL TERM
General subdivision Business writing.
Holdings
Withdrawn status Lost status Damaged status Home library Current library Shelving location Date acquired Total Checkouts Full call number Barcode Date last seen Price effective from Koha item type
      South Mansfield College South Mansfield College Filipiniana Section 01/10/2008   FIL HF 5718 .M33 2006 c.2 SMC04135 04/04/2016 04/04/2016  

Effective business letter and communication /

APA

Macabuhay C. H. ., .Effective business letter and communication. Mandaluyong: .

Chicago

Macabuhay Cynthia Hermosisima, .Effective business letter and communication. Mandaluyong: .

Harvard

Macabuhay C. H. ., .Effective business letter and communication. Mandaluyong: .

MLA

Macabuhay Cynthia Hermosisima, .Mandaluyong: . .

  • Place hold
  • Print
  • Cite
  • Add to your cart (remove)
  • Save record
    BIBTEX Dublin Core MARCXML MARC (non-Unicode/MARC-8) MARC (Unicode/UTF-8) MARC (Unicode/UTF-8, Standard) MODS (XML) RIS
  • More searches
    Search for this title in:
    Other Libraries (WorldCat) Other Databases (Google Scholar) Online Stores (Bookfinder.com) Open Library (openlibrary.org)

Exporting to Dublin Core...

SOUTHVILLE LIBRARY

Southville International School and Colleges Library

1281 Tropical Ave. Cor. Luxembourg St., BF Homes International, Las Pinas City

Tel. No. 8256374 / 252358 Loc. 117/146

Powered by Koha